Vai trò giáo dục của âm nhạc
में बचाया:
| मुख्य लेखक: | |
|---|---|
| स्वरूप: | पुस्तक |
| भाषा: | Undetermined |
| प्रकाशित: |
Hà nội
Văn hóa
1978
|
| विषय: | |
| टैग : |
टैग जोड़ें
कोई टैग नहीं, इस रिकॉर्ड को टैग करने वाले पहले व्यक्ति बनें!
|
| Thư viện lưu trữ: | Trung tâm Học liệu Trường Đại học Cần Thơ |
|---|
| LEADER | 00481nam a2200181Ia 4500 | ||
|---|---|---|---|
| 001 | CTU_9707 | ||
| 008 | 210402s9999 xx 000 0 und d | ||
| 082 | |a 780.1 | ||
| 082 | |b S683 | ||
| 100 | |a A Sokhor | ||
| 245 | 0 | |a Vai trò giáo dục của âm nhạc | |
| 245 | 2 | |c A Sokhor, Vũ Tự Lân | |
| 260 | |a Hà nội | ||
| 260 | |b Văn hóa | ||
| 260 | |c 1978 | ||
| 650 | |a music | ||
| 904 | |i Minh, 961001 | ||
| 980 | |a Trung tâm Học liệu Trường Đại học Cần Thơ | ||